00471nam a2200109Ia 4500008004100000245015100041260005500192260000900247300000700256650001300263856008500276170516s9999 xx 000 0 und d aPlasma tenofovir trough concentrations are associated with renal dysfunction in Japanese patients with HIV infection: a retrospective cohort study bJournal of Pharmaceutical Health Care and Sciences c2016 a2: xPharmacy uhttps://jphcs.biomedcentral.com/articles?query=&volume=2&searchType=&tab=keyword